Психология и педагогика на ранното детство (Запис номер 137388)
[ съкратено ]
| 000 -Лидер | |
|---|---|
| Контролно поле с фиксирана дължина | 02373nam a2200397 c 4500 |
| 003 - Код на организацията, давaща контролен номер | |
| Контролно поле | BLK |
| 005 - Дата и час на последна редакция | |
| Контролно поле | 20250228132534.0 |
| 008 - Елементи от данни с фиксирана дължина | |
| fixed length control field | 180409b bul|||||r ||||||| ||bul|| |
| 010 ## - Наследен системен номер | |
| LC control number | KNG00143358000 |
| 040 ## - Източник на каталожния запис | |
| Идентификатор на билиотеката - собственик на записа | BLK |
| 041 ## - Код за език | |
| Код за езика на текст/звукозапис или на отделно заглавие | Български |
| Код за езика КДБФ | Български |
| 080 ## - УДК | |
| Текстов определител УДК | Психология на детската възраст. Интелектуално развитие на децата. Психически особености. Детски представи, описани в разкази |
| УДК код - определител по УДК | 159.922.7 |
| УДК определител | (075.8) |
| УДК - код + определител | 159.922.7(075.8) |
| 080 ## - УДК | |
| Текстов определител УДК | Детски ясли |
| УДК код - определител по УДК | 373.22 |
| УДК определител | (075.8) |
| УДК - код + определител | 373.22(075.8) |
| 139 ## - Редно поле | |
| Редна дума | Психология и педагогика на ранното детство |
| Авторски знак | Прот - П 92 |
| 245 10 - Сведения за заглавието | |
| Заглавие | Психология и педагогика на ранното детство |
| Подзаглавни данни | Учебник за мед. сестри |
| Редно поле (дума) | съавт. Райна Драгошинова; под ред. на Райна Драгошинова; * Василка С. Манолова-Томова; * Юлия С. Митева; * Райна П. Арнаудова; * Райна Драгошинова-Съртмаджиева. |
| 250 ## - Област на изданието | |
| Сведения за изданието | 2. изд. |
| 257 ## - Страна на издаване | |
| Страна на създаване/издаване | България |
| 260 ## - Област на издателските данни | |
| -- | София |
| Име на издателя, разпространителя и проч. | Медицина и физкултура |
| Година на издаване | 1991 |
| 300 ## - Физическа характеристика | |
| Страници | 184 с. |
| Размери/Мащаб | 22 см |
| 380 ## - Жанр | |
| Жанр | Философия |
| 500 ## - Общи забележки | |
| Забележка | Други авт. : В. Манолова-Томова, Ю. Митева, Р. Арнаудова ; Първата авт. е известна като Райна Драгошинова-Съртмаджиева . - 1. изд. 1987. |
| 650 #4 - Допълнително описание по предмет – тема | |
| Основно описание – тема или топоним | Детска и педагогическа психология |
| 9 (RLIN) | 244538 |
| 653 ## - Ключова дума – ненормативна | |
| Ключова дума | детска психология |
| 700 1# - Други автори (авторска отговорност) | |
| Лично име | Драгошинова, Райна |
| Автороска отговорност (Описва отношението между автора и произведението) | съавт. |
| 9 (RLIN) | 319581 |
| 700 1# - Други автори (авторска отговорност) | |
| Лично име | Драгошинова, Райна |
| Автороска отговорност (Описва отношението между автора и произведението) | под ред. на |
| 9 (RLIN) | 379036 |
| 700 1# - Други автори (авторска отговорност) | |
| Лично име | Манолова-Томова, Василка С. |
| Автороска отговорност (Описва отношението между автора и произведението) | * |
| 9 (RLIN) | 325828 |
| 700 1# - Други автори (авторска отговорност) | |
| Лично име | Митева, Юлия С. |
| Автороска отговорност (Описва отношението между автора и произведението) | * |
| 9 (RLIN) | 325829 |
| 700 1# - Други автори (авторска отговорност) | |
| Лично име | Арнаудова, Райна П. |
| Автороска отговорност (Описва отношението между автора и произведението) | * |
| 9 (RLIN) | 325830 |
| 700 1# - Други автори (авторска отговорност) | |
| Лично име | Драгошинова-Съртмаджиева, Райна |
| Автороска отговорност (Описва отношението между автора и произведението) | * |
| 9 (RLIN) | 65233 |
| 852 ## - Местоположение | |
| Форматна сигнатура | Цб 167958 |
| 856 4# - Електронен адрес и достъп | |
| Електронен формат | pdf - файл |
| Път до файла /url/ | |
| 856 4# - Електронен адрес и достъп | |
| Електронен формат | pdf - файл |
| Път до файла /url/ | |
| 942 ## - АРТИКУЛИ | |
| Вид на библиотечния материал | Книги |
| Скрит в OPAC | Не |
| Koha issues (borrowed), all copies | 2 |
| 944 ## - СЪЗДАВАНЕ И РЕДАКЦИЯ на ЗАПИСА | |
| Създаване/Редакция | Създаване |
| Дата на регистрацията/редакция | 31.05.2013 |
| Статус, дата на статуса | Ивелин Русев |
| Служител, извършил регистрацията/редакцията | 30563 |
| 944 ## - СЪЗДАВАНЕ И РЕДАКЦИЯ на ЗАПИСА | |
| Създаване/Редакция | Редакция |
| Дата на регистрацията/редакция | 31.05.2013 |
| Статус, дата на статуса | 31.05.2013 - от С1,Р / 31.05.2013 |
| Служител, извършил регистрацията/редакцията | |
| 999 ## - СИСТЕМНИ КОНТРОЛНИ НОМЕРА | |
| Koha biblionumber | 137388 |
| Koha biblioitemnumber | 137388 |
| Код за отписване | Код за изгубен артикул | Източник на класификационната схема | Код за повреда | Коз за рестрикции | Код за отдаване | Артикулен № | Име на библиотеката - собственик | Име на библиотеката, в която се намира в момента | Статус (Текущо местоположение) | Дата на вписване в системата | Местоположение - отдел | Цена в лева | Инвентарен номер | Систематично азбучна сигнатура | Баркод | Номер на екземпляра | Цена в евро | Служебна бележка | Служебен тип на артикула |
|---|---|---|---|---|---|---|---|---|---|---|---|---|---|---|---|---|---|---|---|
| Не е изгубен | Universal Decimal Classification | Не е повреден | без рестрикции | ползва се в читалня | 224738 | Регионална библиотека "Любен Каравелов" Русе | Регионална библиотека "Любен Каравелов" Русе | Хранилище | 1991-01-01 | Хранилище | 0.00 | 564942 | Цб 167958 | 120000564942 | 1 | 0.00 | N: стар фонд Дата: 01.01.1991 | Книги | |
| Изтеглен | Не е изгубен | Universal Decimal Classification | Не е повреден | без рестрикции | заемане за дома | 224739 | Регионална библиотека "Любен Каравелов" Русе | Регионална библиотека "Любен Каравелов" Русе | Заемна - подръчен фонд | 1991-01-01 | Заемна - подръчен фонд | 5.13 | 578304 | П 159.92/П 92 | 578304 | 2 | 2.62 | N: стар фонд Дата: 01.01.1991 Дата инв: 19.11.2014 Бележки инв: П2014 | Книги |
| Изтеглен | Не е изгубен | Universal Decimal Classification | Не е повреден | без рестрикции | заемане за дома | 224740 | Регионална библиотека "Любен Каравелов" Русе | Регионална библиотека "Любен Каравелов" Русе | Заемна - подръчен фонд | 1991-01-01 | Заемна - подръчен фонд | 5.13 | 578305 | П 159.92/П 92 | 578305 | 3 | 2.62 | N: стар фонд Дата: 01.01.1991 Дата инв: 01.02.2018 Бележки инв: П2018 | Книги |